| 000 | 00751nam a2200217Ia 4500 | ||
|---|---|---|---|
| 003 | GCL | ||
| 008 | 140319s9999 xx 000 0 ara d | ||
| 040 |
_aGCL / _cGCL |
||
| 082 | 0 | 4 |
_a250.907 _bع ا |
| 100 | 1 | _aبن عبد السلام السلمى عبد العزي | |
| 245 | 1 | 0 |
_aاحكام الجهاد وفضائلة / _cبن عبد السلام السلمى عبد العزي |
| 700 | 1 | _aنزية حماد | |
| 260 |
_a[S.N] : _bمكتبة دار الوفاء للنشر والتوزيع ، _c1986 |
||
| 300 | _a142 ص | ||
| 490 | _a | ||
| 650 | 0 | 4 | _aالتاريخ الاسلامى |
| 650 | 0 | 4 | _aالفقه الشافعى |
| 650 | 0 | 4 | _aالفقه الاسلامى |
| 650 | 0 | 4 | _aبن عبد السلام السلمى |
| 942 |
_2ddc _cBK |
||
| 999 |
_c36339 _d36339 |
||